International Programme on Chemical Safety (Registro nro. 1202)
[ vista simple ]
| 000 -LEADER | |
|---|---|
| fixed length control field | 00641nas a22001577a 4500 |
| 008 - CAMPO DE CONTROL RECURSOS CONTINUADOS | |
| fixed length control field | 130304t20009999sz ||||| |||| 00| 0 eng d |
| 022 ## - INTERNATIONAL STANDARD SERIAL NUMBER | |
| International Standard Serial Number | 1020-6167 |
| 245 ## - TITULO | |
| Titulo | International Programme on Chemical Safety |
| 260 ## - PUBLICACION, DISTRIBUCION, ETC. (PIE DE IMPRENTA) | |
| Lugar de publicación, distribución, etc | Ginebra: |
| Nombre de la editorial, distribuidor, etc. | Organización Mundial de la Salud, |
| Fecha de publicación | 2000 |
| 300 ## - DESCRIPCION FISICA | |
| Extensión | v. : |
| 546 ## - NOTA DE IDIOMA | |
| Nota de lenguaje | ingles |
| 590 ## - NOTAS LOCALES (RLIN) | |
| Nota local | Existencias: 2000 (19,20,22-26); 2001 (27-36); 2002 (37-47); 2003 (48-56); 2004 (57-63); 2005 (64-66); 2006 (69-71,73); 2008 (74); 2009 (72,75,76); 2010 (67)<br/>BAJA DEPOSITO (CAJA 18) MAYO 2019 |
| 650 ## - MATERIA-TERMINO TEMATICO | |
| Término temático | BIOQUIMICA |
| 9 (RLIN) | 1725 |
| 856 ## - LOCALIZACION ELECTRONICA Y ACCESO | |
| Identificador Uniforme de Recurso (URI) | <a href="http://www.who.int/ipcs/publications/cicad/en/index.html">http://www.who.int/ipcs/publications/cicad/en/index.html</a> |
| 942 ## - ADDED ENTRY ELEMENTS (KOHA) | |
| Source of classification or shelving scheme | Dewey Decimal Classification |
| Item type | Continuing Resources |
No hay ítems disponibles.